000 00670nam a2200241Ia 4500
003 OSt
005 20220926021118.0
006 a|||||r|||| 00| 0
007 ta
008 220923b |||||||| |||| 00| 0 eng d
020 _a9211614171
037 _cGeneral Book
040 _aRTL
_cRTL
_beng
041 _2eng
_aeng
082 _aX:312, N9
245 0 _aSystems approach to national accounts compilation
260 _aNew York
_bU N
_c1999
300 _a143p
_ccm.
490 _aStudies in Methods: Handbook of National Accounting Series; No.77
650 _aNational Income
942 _hX:312, N9
_cGB
_2CC
999 _c635803
_d635803